000 01179nam a2200253 a 4500
001 BRCA_4386
005 20190320204642.0
008 230710s1990----nyua######---#000-0#eng-#
041 _aeng
044 _anyu
050 4 _aND2644.W5
_b.M49 1990
245 1 0 _aThe Mexican Muralists and Prints
_bfrom the Collection of Reba and Dave Williams.
260 _a[Nueva York
_bSpanish Institute
_c1990]
300 _a44 p.
_bil.
_c30 cm.
500 _aCatálogo de la exposición realizada en The Spanish Institute (Nueva York), 17 septiembre - 8 noviembre, 1990, en Alliance Capital Management (Nueva York), 17 noviembre - 15 diciembre, 1990 y en el Museo Franz Mayer (Ciudad de México), 6 febrero - 8 marzo, 1991
504 _aBibliografía: p. 43-44
600 1 4 _aWilliams, Reba
_vExposiciones
_xColecciones de arte
_911153
600 1 4 _aWilliams, Dave
_d1932-
_vExposiciones
_xColecciones de arte
_911154
650 1 4 _apintura mural
_vExposiciones
_zMéxico
_911155
650 1 4 _aGrabados mexicanos
_vExposiciones
_911156
650 1 4 _aGrabados
_vExposiciones
_ySiglo XX
_zMéxico
_911157
650 1 4 _aGrabados americanos
_vExposiciones
_xInfluencias extranjeras
_911158
942 _2lcc
_cB
999 _c4097
_d4097